[Event "Tatry op"]
[Site "Tatranske Matliare"]
[Date "2022.06.01"]
[Round "6"]
[White "Vojta, Tomas"]
[Black "Kovacova, Zuzana"]
[Result "1-0"]
[WhiteElo "2318"]
[BlackElo "2049"]
[PlyCount "98"]
[EventDate "2022.05.28"]
[EventType "swiss"]
[EventRounds "9"]
[EventCountry "SVK"]
[SourceTitle "EXT 2024"]
[Source "ChessBase"]
[SourceDate "2023.10.10"]
[SourceVersion "1"]
[SourceVersionDate "2023.10.10"]
[SourceQuality "1"]

1. d4 d5 2. Bf4 Nf6 3. e3 c5 4. c3 Nc6 5. Nd2 e6 6. Ngf3 Bd6 7. Bg3 Bxg3 8. hxg3 Qd6 9. Bd3 e5 10. dxe5 Nxe5 11. Nxe5 Qxe5 12. Bb5+ Bd7 13. Bxd7+ Nxd7 14. Nf3 Qf5 15. Qa4 a6 16. Rd1 b5 17. Qb3 Nf6 18. Qa3 Ne4 19. 0-0 0-0 20. Nd2 Rfc8 21. Nxe4 Qxe4 22. Rd2 Rc6 23. Rfd1 Rd8 24. Qb3 Rcd6 25. Qa3 Rc6 26. Qb3 Rcd6 27. Qc2 Qe5 28. Qd3 Qh5 29. Qe2 Qe5 30. Qf3 g5 31. Qg4 Kh8 32. Rd3 h6 33. b4 c4 34. Rd4 Kh7 35. R1d2 f5 36. Qd1 g4 37. a4 h5 38. axb5 axb5 39. Ra2 Kg6 40. Ra5 Rb6 41. Ra7 Qb8 42. Ra1 Qb7 43. Qd2 Rbd6 44. Rf4 Qe7 45. Ra5 Rb8 46. Rd4 Qd8 47. Qc2 Qg5 48. Rf4 Qf6 49. Ra7 Qe6 1-0

[Event "Titled Tuesday intern op 4th Aug 10am"]
[Site "Chess.com INT"]
[Date "2020.08.04"]
[Round "2"]
[White "Kovacova, Zuzana"]
[Black "Martinez Reyes, Pedro Ramon"]
[Result "0-1"]
[WhiteElo "2050"]
[BlackElo "2422"]
[PlyCount "30"]
[EventDate "2020.08.04"]
[EventType "swiss (blitz)"]
[EventRounds "10"]
[EventCountry "USA"]
[SourceTitle "CBM 197 Extra"]
[Source "ChessBase"]
[SourceDate "2020.09.30"]
[SourceVersion "1"]
[SourceVersionDate "2020.09.30"]
[SourceQuality "1"]

1. e4 e6 2. d4 d5 3. exd5 exd5 4. Nf3 Bd6 5. c4 Nf6 6. Nc3 0-0 7. cxd5 Nbd7 8. Bg5 Nb6 9. Be2 Be7 10. 0-0 Nfxd5 11. Bxe7 Qxe7 12. Re1 Qd6 13. h3 c6 14. Ne4 Qg6 15. Ne5 Qxe4 0-1

[Event "Titled Tuesday intern op 4th Aug 10am"]
[Site "Chess.com INT"]
[Date "2020.08.04"]
[Round "6"]
[White "Petrova, Irina"]
[Black "Kovacova, Zuzana"]
[Result "1-0"]
[WhiteElo "2088"]
[BlackElo "2050"]
[PlyCount "81"]
[EventDate "2020.08.04"]
[EventType "swiss (blitz)"]
[EventRounds "10"]
[EventCountry "USA"]
[SourceTitle "CBM 197 Extra"]
[Source "ChessBase"]
[SourceDate "2020.09.30"]
[SourceVersion "1"]
[SourceVersionDate "2020.09.30"]
[SourceQuality "1"]

1. d4 d5 2. Nc3 Nf6 3. Bf4 c6 4. e3 Nbd7 5. Nf3 e6 6. Ne5 Be7 7. Bd3 c5 8. dxc5 Bxc5 9. 0-0 a6 10. e4 Nb6 11. Qf3 Bd6 12. Nxf7 Kxf7 13. e5 Be7 14. exf6 Bxf6 15. Qg3 Nd7 16. Rad1 Qb6 17. Rfe1 Qxb2 18. Qe3 Nb6 19. Nb1 Qb4 20. Bg5 Nc4 21. Bxc4 Qxc4 22. Bxf6 gxf6 23. Nd2 Qg4 24. Nf3 Rg8 25. g3 Bd7 26. Nd4 Rae8 27. Nb3 Bc6 28. Rd4 Qg6 29. Rh4 Rg7 30. Nd4 Bd7 31. Nf3 Qxc2 32. Re2 Qb1+ 33. Re1 Qc2 34. Nd4 Qxa2 35. Qh6 Qb2 36. Qh5+ Kg8 37. Nf3 Qc2 38. Qh6 Qg6 39. Qe3 e5 40. Rb4 Bc6 41. Nh4 1-0

[Event "Online Olym Div4 E"]
[Site "Chess.com INT"]
[Date "2020.08.02"]
[Round "8.4"]
[White "Kovacova, Zuzana"]
[Black "Cruz, Bitia"]
[Result "1-0"]
[WhiteElo "2050"]
[BlackElo "1582"]
[PlyCount "89"]
[EventDate "2020.07.31"]
[EventType "team-tourn (rapid)"]
[EventRounds "9"]
[EventCountry "USA"]
[SourceTitle "CBM 198"]
[Source "ChessBase"]
[SourceDate "2020.10.31"]
[SourceVersion "1"]
[SourceVersionDate "2020.10.31"]
[SourceQuality "1"]
[WhiteTeam "Bermuda"]
[BlackTeam "Honduras"]
[WhiteTeamCountry "BER"]
[BlackTeamCountry "HON"]

1. e4 e5 2. Nf3 Nf6 3. Nxe5 d6 4. Nc4 Nxe4 5. Nc3 Nf6 6. d4 d5 7. Ne5 Bd6 8. Bg5 0-0 9. Be2 c5 10. Nf3 Be6 11. 0-0 Nbd7 12. Re1 Qc7 13. h3 a6 14. Bf1 c4 15. g3 h6 16. Bc1 b5 17. Bg2 b4 18. Ne2 Ne4 19. Bf4 Ndf6 20. Bxd6 Qxd6 21. Ne5 a5 22. Nf4 Ng5 23. Kh2 Nge4 24. Qe2 g5 25. Nxe6 fxe6 26. f3 Nxg3 27. Kxg3 Nh5+ 28. Kh2 Nf4 29. Qf2 b3 30. Kh1 a4 31. axb3 axb3 32. Rxa8 Rxa8 33. Bf1 bxc2 34. Qxc2 Ra7 35. Ng6 Nh5 36. Ne5 Ng3+ 37. Kg2 Nf5 38. Qf2 Rb7 39. Re2 Rb3 40. Kh1 Nh4 41. f4 Nf5 42. fxg5 Ng3+ 43. Kg2 Nxe2 44. Qf7+ Kh8 45. Ng6# 1-0

[Event "Modra Arisan (Women) IM"]
[Site "Modra"]
[Date "2019.09.14"]
[Round "1"]
[White "Miladinovic, Lena"]
[Black "Kovacova, Zuzana"]
[Result "1-0"]
[WhiteElo "2119"]
[BlackElo "2079"]
[PlyCount "193"]
[EventDate "2019.09.14"]
[EventType "tourn"]
[EventRounds "9"]
[EventCountry "SVK"]
[SourceTitle "EXT 2020"]
[Source "ChessBase"]
[SourceDate "2019.10.17"]
[SourceVersion "1"]
[SourceVersionDate "2019.10.17"]
[SourceQuality "1"]

1. d4 d5 2. Nf3 Nf6 3. c4 dxc4 4. e3 e6 5. Bxc4 a6 6. 0-0 c5 7. dxc5 Qxd1 8. Rxd1 Bxc5 9. Nc3 b5 10. Be2 Bb7 11. Nd4 0-0 12. Nb3 Bb6 13. a4 b4 14. a5 bxc3 15. axb6 c2 16. Rd2 Nbd7 17. Na5 Rab8 18. Nxb7 Rxb7 19. Rxc2 Nxb6 20. Rxa6 Nbd5 21. Ra4 h6 22. e4 Ne7 23. f3 Rfb8 24. Kf2 Nd7 25. b4 Nb6 26. Ra6 e5 27. b5 Rc8 28. Rxc8+ Nexc8 29. f4 exf4 30. Bxf4 Kf8 31. Be3 Ke8 32. Bg4 Kd8 33. Ra1 Rc7 34. Rd1+ Ke8 35. Rd2 Ke7 36. Bf4 Rc4 37. Be2 Rxe4 38. Bc7 Rb4 39. Bd8+ Ke6 40. Rc2 Kd7 41. Rd2+ Ke6 42. h3 f5 43. Rc2 Kd7 44. Bc7 Nd5 45. Be5 g6 46. Rc6 Nde7 47. Ra6 Re4 48. Bg7 h5 49. Bh6 Rb4 50. Be3 Kc7 51. Bc5 Rb2 52. Bd4 Rb4 53. Bc3 Rb3 54. Be5+ Kd7 55. Bc4 Rb4 56. Be6+ Kd8 57. Bf6 Kc7 58. Be5+ Kb7 59. Bd7 Nb6 60. Be8 h4 61. Bf6 Nbd5 62. Bxe7 Nxe7 63. Re6 Rf4+ 64. Ke2 Nc8 65. Bc6+ Kc7 66. Rxg6 Ne7 67. Rg7 Kd6 68. Rh7 Nxc6 69. Rh6+ Kc5 70. bxc6 Kb6 71. Ke3 Rc4 72. Rf6 Rc2 73. Kf3 Rc3+ 74. Kf2 Rc2+ 75. Kg1 Rxc6 76. Rxf5 Kc7 77. Rf4 Rh6 78. Rd4 Kc6 79. Kf2 Kc5 80. Rd2 Rf6+ 81. Ke3 Rg6 82. Kf3 Rg3+ 83. Kf2 Rg8 84. Ra2 Rf8+ 85. Ke3 Kd5 86. Ra5+ Ke6 87. Rh5 Rg8 88. Kf3 Rf8+ 89. Ke4 Rf2 90. Rg5 Kf6 91. Rg4 Ra2 92. Kf3 Ra3+ 93. Kf2 Ra2+ 94. Kg1 Kf5 95. Rxh4 Kg5 96. Rb4 Kh5 97. Kh2 1-0

[Event "Tatry op"]
[Site "Tatranska Lomnica"]
[Date "2017.10.09"]
[Round "2"]
[White "Brunel, Julien"]
[Black "Kovacova, Zuzana"]
[Result "1/2-1/2"]
[WhiteElo "1907"]
[BlackElo "2102"]
[PlyCount "98"]
[EventDate "2017.10.08"]
[EventType "swiss"]
[EventRounds "9"]
[EventCountry "SVK"]
[SourceTitle "CBM 181 Extra"]
[Source "ChessBase"]
[SourceDate "2017.12.12"]
[SourceVersion "1"]
[SourceVersionDate "2017.12.12"]
[SourceQuality "1"]

1. e4 e5 2. Nf3 Nc6 3. d4 exd4 4. Bc4 d6 5. Nxd4 Nf6 6. 0-0 Be7 7. Nc3 0-0 8. h3 Re8 9. Re1 Ne5 10. Bb3 a6 11. Bg5 c5 12. Nf3 b5 13. Nxe5 dxe5 14. Bxf6 Bxf6 15. Bd5 Ra7 16. Qe2 Qb6 17. Rad1 Bd7 18. Nb1 c4 19. b3 cxb3 20. cxb3 Rc8 21. Rc1 Rac7 22. Qb2 Bg5 23. Rxc7 Qxc7 24. Nd2 Bf4 25. b4 Kf8 26. Nb3 Qc3 27. Qxc3 Rxc3 28. Nc5 Bc8 29. Rd1 Ke7 30. Nd3 f6 31. g3 Bh6 32. Kg2 Rc2 33. Bb3 Rd2 34. Rxd2 Bxd2 35. h4 Kd6 36. Bd5 a5 37. a3 Bc3 38. f3 Bd7 39. Kf2 f5 40. Ke2 axb4 41. axb4 h6 42. Kd1 Bd4 43. Kd2 Bg1 44. Ke2 fxe4 45. Bxe4 Be6 46. h5 Bd4 47. Kd2 Bc4 48. g4 Bb3 49. Nc1 Bc4 1/2-1/2

[Event "CZE/SVK-chT (Women)"]
[Site "Liptovsky Mikulas"]
[Date "2014.06.20"]
[Round "2"]
[White "Kovacova, Zuzana"]
[Black "Kocourkova, Zuzana"]
[Result "1/2-1/2"]
[WhiteElo "2098"]
[BlackElo "1783"]
[PlyCount "111"]
[EventDate "2014.06.20"]
[EventType "team-tourn"]
[EventRounds "7"]
[EventCountry "SVK"]
[SourceTitle "EXT 2016"]
[Source "ChessBase"]
[SourceDate "2015.10.08"]
[SourceVersion "1"]
[SourceVersionDate "2015.10.08"]
[SourceQuality "1"]
[WhiteTeam "Humenne Reinter"]
[BlackTeam "Svetla nad Sazavou"]
[WhiteTeamCountry "SVK"]
[BlackTeamCountry "CZE"]

1. e4 e5 2. Nf3 Nc6 3. Bb5 a6 4. Ba4 Nf6 5. 0-0 Be7 6. Qe2 b5 7. Bb3 0-0 8. c3 d5 9. exd5 Nxd5 10. Nxe5 Nxe5 11. Qxe5 c6 12. d4 Bd6 13. Qh5 Nf4 14. Bxf4 Bxf4 15. g3 Bg5 16. Bc2 g6 17. Qf3 Bh3 18. Re1 Qd7 19. Be4 Rfe8 20. Na3 Rac8 21. Qd3 Re7 22. Bf3 Rce8 23. Rxe7 Rxe7 24. Rd1 Bf5 25. Qf1 Qe6 26. b3 Bh3 27. Bg2 Bxg2 28. Kxg2 Qe2 29. Qxe2 Rxe2 30. b4 Rxa2 31. Nb1 Ra1 32. Kf3 Kf8 33. h4 Bf6 34. Ke3 Ke8 35. Kd3 Kd7 36. Rf1 a5 37. bxa5 Rxa5 38. Nd2 h6 39. Ne4 Bg7 40. Nc5+ Kc7 41. Re1 Ra7 42. Re7+ Kb8 43. Re8+ Kc7 44. Rg8 Bf6 45. Rf8 Kd6 46. Ne4+ Ke7 47. Rc8 Kd7 48. Rb8 Be7 49. Rh8 h5 50. Rb8 Kc7 51. Rg8 Kd7 52. Nd2 Kd6 53. Nf3 c5 54. dxc5+ Kxc5 55. Rc8+ Kd5 56. Rb8 1/2-1/2

[Event "SVK-chT1W 0910"]
[Site "Slovakia"]
[Date "2009.10.17"]
[Round "1.5"]
[White "Kovacova, Zuzana"]
[Black "Borik, Juraj"]
[Result "1/2-1/2"]
[WhiteElo "2110"]
[BlackElo "2183"]
[PlyCount "81"]
[EventDate "2009.10.17"]
[EventType "team"]
[EventRounds "11"]
[EventCountry "SVK"]
[SourceTitle "EXT 2011"]
[Source "ChessBase"]
[SourceDate "2010.11.26"]
[SourceVersion "1"]
[SourceVersionDate "2010.11.26"]
[SourceQuality "1"]
[WhiteTeam "Bratislava Doprastav II"]
[BlackTeam "Dubnica nad Vahom II"]
[WhiteTeamCountry "SVK"]
[BlackTeamCountry "SVK"]

1. e4 c5 2. Nc3 Nc6 3. g3 g6 4. Bg2 Bg7 5. d3 e6 6. Be3 Nd4 7. Nge2 Ne7 8. 0-0 0-0 9. Qd2 d6 10. Nd1 Rb8 11. Re1 b5 12. c3 Ndc6 13. Bh6 b4 14. Bxg7 Kxg7 15. Ne3 e5 16. d4 bxc3 17. bxc3 cxd4 18. cxd4 Ba6 19. d5 Qa5 20. Rad1 Qxd2 21. Rxd2 Nb4 22. Nc1 Bb5 23. Bf1 f5 24. Bxb5 Rxb5 25. Nc4 fxe4 26. Nxd6 Rxd5 27. Rxd5 Nbxd5 28. Rxe4 Rd8 29. Nb7 Rb8 30. Nc5 Rb1 31. N5d3 Nc6 32. Rc4 Nd4 33. Kg2 Nb6 34. Rc7+ Kf6 35. f3 Nd5 36. Rxa7 Ne3+ 37. Kf2 Nd1+ 38. Ke1 Nb2 39. Kf2 Nd1+ 40. Ke1 Nb2 41. Kf2 1/2-1/2

[Event "Tatry op"]
[Site "Tatranske Zruby"]
[Date "2009.09.29"]
[Round "4"]
[White "Kebis, Milos"]
[Black "Kovacova, Zuzana"]
[Result "0-1"]
[WhiteElo "2008"]
[BlackElo "2110"]
[PlyCount "82"]
[EventDate "2009.09.27"]
[EventType "swiss"]
[EventRounds "9"]
[EventCountry "SVK"]
[SourceTitle "EXT 2011"]
[Source "ChessBase"]
[SourceDate "2010.11.26"]
[SourceVersion "1"]
[SourceVersionDate "2010.11.26"]
[SourceQuality "1"]

1. c4 c6 2. d4 d5 3. Nc3 Nf6 4. e3 e6 5. Nf3 Nbd7 6. Bd3 dxc4 7. Bxc4 b5 8. Bb3 a6 9. 0-0 Bb4 10. Qe2 Qe7 11. e4 e5 12. d5 Bb7 13. Bg5 h6 14. Bh4 Bxc3 15. bxc3 0-0 16. Rad1 cxd5 17. exd5 Qd6 18. Rfe1 Rfe8 19. Bg3 Qc5 20. Qd2 e4 21. Nh4 Nb6 22. Nf5 Rad8 23. d6 Qxf5 24. Qe3 Nbd7 25. h3 Qc5 26. Rd4 Rc8 27. Rc1 Nd5 28. Qd2 Nxc3 29. Kh2 a5 30. Qf4 Qh5 31. Qd2 b4 32. Re1 Rcd8 33. Bc2 Re6 34. a3 Nb5 35. Bd1 Qc5 36. Rxb4 axb4 37. axb4 Qd5 38. Qe3 Nxd6 39. Bb3 Nc4 40. Qc1 Rc8 41. Rd1 Qc6 0-1

[Event "Tatry op"]
[Site "Tatranske Zruby"]
[Date "2009.09.28"]
[Round "2"]
[White "Bombek, Peter"]
[Black "Kovacova, Zuzana"]
[Result "1/2-1/2"]
[WhiteElo "2243"]
[BlackElo "2110"]
[PlyCount "132"]
[EventDate "2009.09.27"]
[EventType "swiss"]
[EventRounds "9"]
[EventCountry "SVK"]
[SourceTitle "EXT 2011"]
[Source "ChessBase"]
[SourceDate "2010.11.26"]
[SourceVersion "1"]
[SourceVersionDate "2010.11.26"]
[SourceQuality "1"]

1. e4 e5 2. Nf3 Nc6 3. Bc4 Bc5 4. c3 Nf6 5. d4 exd4 6. 0-0 d3 7. e5 d5 8. Bxd3 Ng8 9. Bf4 Bg4 10. Nbd2 Nge7 11. a4 a5 12. Re1 Qd7 13. h3 Bf5 14. Nb3 Bb6 15. Be3 Bxd3 16. Qxd3 Bxe3 17. Qxe3 b6 18. Nbd4 0-0 19. e6 fxe6 20. Qxe6+ Qxe6 21. Nxe6 Rfc8 22. Rad1 Rab8 23. Ned4 Rd8 24. Re6 Nxd4 25. Nxd4 Rd7 26. Rxe7 Rxe7 27. Nc6 Rbe8 28. Nxe7+ Rxe7 29. Rxd5 Re1+ 30. Kh2 Re7 31. Kg3 Kf8 32. b4 axb4 33. cxb4 Re4 34. Rf5+ Ke7 35. Rf4 Re2 36. Rh4 h6 37. Rc4 Kd7 38. Rg4 Re7 39. Kf3 c5 40. bxc5 bxc5 41. Rg6 Ke8 42. Rc6 Ra7 43. Re6+ Kf7 44. Re4 Kf6 45. Ke3 Kf5 46. f3 Kf6 47. Kd3 Ra5 48. Kc3 Kf5 49. Kb3 Kf6 50. h4 Ra7 51. g4 Ra8 52. Kc3 Ra7 53. Kd3 Ra5 54. f4 Ra7 55. Rc4 Ke6 56. Ke4 Ra5 57. f5+ Kd6 58. Kd3 Ra7 59. g5 hxg5 60. hxg5 Rf7 61. Ke4 Re7+ 62. Kf4 Kd5 63. Rc2 Re4+ 64. Kg3 Rxa4 65. f6 gxf6 66. gxf6 Ke6 1/2-1/2